Devinez le Pays Mystère #129 - Statistiques

Statistiques générales
  • Ce quiz a été pris 308 fois
  • Le résultat moyen est 14 sur 17
Statistiques - réponses
Type de Réponse Réponse % Correct
Lettre Trouvée A
97%
Lettre Trouvée E
95%
Lettre Trouvée G
94%
Lettre Bien Placée E
93%
Lettre Trouvée L
93%
Lettre Trouvée U
92%
Lettre Trouvée I
88%
Lettre Trouvée R
88%
Lettre Bien Placée I
86%
Lettre Bien Placée A
85%
Lettre Bien Placée L
78%
Lettre Trouvée B
77%
Lettre Bien Placée G
75%
Lettre Bien Placée B
73%
Lettre Bien Placée U
72%
Lettre Bien Placée R
71%
Pays Mystère Bulgarie
70%
Aucun quiz correspondant
Distribution des résultats
% des personnes avec chaque résultat
Percentile par nombre de réponses
Votre historique - résultats
Vous n’avez pas pris ce quiz